[Event "7th Sinquefield Cup GCT 2019"]
[Site "Saint Louis"]
[Date "2019.08.17"]
[Round "1.1"]
[White "Carlsen, Magnus"]
[Black "Giri, Anish"]
[Result "1/2-1/2"]
[WhiteElo "2882"]
[BlackElo "2779"]
[Annotator "TA"]
[PlyCount "71"]
[EventDate "2019.08.17"]
[EventType "tourn"]
[EventCountry "USA"]
[SourceTitle "playchess.com"]
[Source "ChessBase"]
[SourceQuality "1"]

{[%evp 9,71,9,7,0,12,8,12,9,16,6,15,12,12,15,18,6,12,17,11,10,14,7,6,9,13,16,29,23,20,8,9,0,0,0,0,0,0,0,0,0,0,0,0,0,0,0,0,0,0,0,0,0,0,0,0,0,0,0,0,0,0,0,0,0]} 1. c4 Nf6 2. Nc3 e5 3. Nf3 Nc6 4. e4 Bb4 5. d3 d6 6. Be2 {A28: English Opening: Four Knights Variation} (6. a3 Bc5 7. b4 Bb6 8. Na4 Bg4 9. Be2 Nd7 10. Nxb6 axb6 11. Bb2 O-O 12. h3 Bxf3 13. Bxf3 Nd4 {1-0 (49) Nakamura,H (2746)-Sevian,S (2642) Saint Louis 2019}) 6... Bg4 7. a3 Bc5 8. b4 $146 ({Predecessor:} 8. O-O a5 9. h3 Be6 10. Be3 Nd4 11. Bxd4 exd4 12. Nb5 Nh5 13. Nfxd4 Bxd4 14. Nxd4 {1-0 (57) Jurcik,M (2466)-Karas,M (2170) Slovakia 2015}) 8... Bb6 9. Be3 Bxf3 10. Bxf3 Nd4 11. Na4 Nxf3+ 12. Qxf3 Bxe3 13. Qxe3 O-O 14. O-O Re8 15. Nc3 a5 16. b5 c6 17. Rab1 d5 18. Na4 Qe7 19. bxc6 {The position is equal.} bxc6 20. cxd5 cxd5 21. Nb6 Rad8 22. Rb5 {[%cal Re4d5]} Qxa3 23. exd5 e4 24. dxe4 Qxe3 25. fxe3 Rxe4 26. Rxa5 Rb4 27. Ra8 Rxa8 28. Nxa8 Nxd5 $11 {[%mdl 4096] Endgame KRN-KRN} 29. Rd1 {[#] Strongly threatening Nc7.} Rb8 $1 30. Rxd5 {Black must now prevent Nc7.} Rxa8 {KR-KR} 31. Kf2 Kf8 32. Kf3 h6 33. Kf2 Ra2+ 34. Kf3 Ra8 35. Kf2 Ra2+ 36. Kf3 {Accuracy: White = 77%, Black = 85%.} 1/2-1/2

[Event "7th Sinquefield Cup GCT 2019"]
[Site "Saint Louis"]
[Date "2019.08.17"]
[Round "1.2"]
[White "Nakamura, Hikaru"]
[Black "Caruana, Fabiano"]
[Result "1/2-1/2"]
[WhiteElo "2743"]
[BlackElo "2818"]
[Annotator "TA"]
[PlyCount "85"]
[EventDate "2019.08.17"]
[EventType "tourn"]
[EventCountry "USA"]
[SourceTitle "playchess.com"]
[Source "ChessBase"]
[SourceQuality "1"]

{[%evp 13,85,60,52,60,54,56,49,45,51,30,50,35,41,33,39,32,34,29,30,36,31,29,29,28,46,14,18,16,27,22,20,0,0,0,0,0,0,0,0,0,0,0,0,0,0,0,31,27,26,23,22,8,4,0,0,0,0,0,1,0,0,0,0,0,0,0,0,0,0,0,0,0,0,0]} 1. e4 e5 2. Nf3 Nc6 3. Bb5 a6 4. Ba4 Nf6 5. O-O Nxe4 6. d4 Be7 7. Re1 b5 8. Rxe4 {C84: Closed Ruy Lopez: Unusual White 6th moves} d5 9. Nxe5 Nxe5 10. Rxe5 {[#] Bb3 is the strong threat.White is slightly better.} bxa4 11. b3 (11. Qe1 {looks sharper.} c6 12. Nc3 a3 13. b3 f6 14. Re3) 11... Be6 12. Ba3 Bxa3 13. Nxa3 O-O 14. Nb1 Qd6 15. Nc3 axb3 16. axb3 c5 $146 17. Ne2 f6 18. Re3 {[#] And now dxc5 would win.} c4 19. Ng3 cxb3 20. cxb3 g6 21. Qf3 Bf7 22. h3 Rfe8 23. Rxe8+ Rxe8 24. Qd3 Re6 25. Nf1 Qb6 26. Ne3 Rc6 27. h4 Kg7 28. h5 Qb4 29. Ng4 Be6 30. h6+ Kf7 31. Ne3 a5 32. Qd1 {The position is equal.} Rc3 $132 {[%mdl 2048] Black is not keeping still} 33. Ra4 Qxb3 34. Qxb3 Rxb3 35. Rxa5 $11 {[%mdl 4096] Endgame Strongly threatening Ra7+. KRB-KRN} g5 36. Ra7+ Kg6 37. Ra6 Kf7 38. g4 Rb4 39. Ra7+ Kg6 40. Ra6 Kf7 41. Ra7+ Kg6 42. Ra6 Kf7 43. Ra7+ {Accuracy: White = 73%, Black = 84%.} 1/2-1/2

[Event "7th Sinquefield Cup GCT 2019"]
[Site "Saint Louis"]
[Date "2019.08.17"]
[Round "1.4"]
[White "Aronian, Levon"]
[Black "Vachier-Lagrave, Maxime"]
[Result "1/2-1/2"]
[WhiteElo "2765"]
[BlackElo "2778"]
[Annotator "TA"]
[PlyCount "50"]
[EventDate "2019.08.17"]
[EventType "tourn"]
[EventCountry "USA"]
[SourceTitle "playchess.com"]
[Source "ChessBase"]
[SourceQuality "1"]

{[%evp 9,50,26,26,20,20,16,27,11,32,15,14,0,0,0,0,0,4,0,0,0,6,0,0,2,0,0,0,0,12,0,4,0,25,-5,0,-45,-25,-33,0,-49,0,-31,0]} 1. d4 Nf6 2. Nf3 g6 3. Nbd2 d5 4. e3 Bg7 5. b4 a5 (5... O-O 6. Bb2 c6 7. c4 Nbd7 8. a4 Ne4 9. cxd5 Nxd2 10. Qxd2 cxd5 11. Bd3 Nf6 12. O-O Ne4 13. Qe2 Nd6 14. Rfc1 Bf5 15. Bxf5 gxf5 {1-0 (47) Sargissian,G (2689)-Kovalev,V (2683) St Petersburg 2018}) 6. b5 {D02: 1 d4 d5 2 Nf3 sidelines, including 2...Nf6 3 g3 and 2...Nf6 3 Bf4} c5 7. bxc6 Nxc6 8. Be2 {White has an edge.} O-O 9. O-O Bf5 10. c3 Qc7 $146 ({Predecessor:} 10... a4 11. Ba3 Qa5 12. c4 Nb4 {0-1 (12) Morovic Fernandez,I (2535)-Aguero Jimenez,L (2457) Matanzas 2017}) 11. a4 e5 12. Ba3 {Black should prevent dxe5.} Rfc8 13. Rc1 e4 14. Nh4 Be6 {[#] Threatens to win with ...g5.} 15. g3 g5 16. Ng2 Qd7 17. f3 exf3 18. Bxf3 Bf5 19. Qb3 Bd3 20. Rf2 Qe6 21. Qd1 b6 22. Nf1 Be4 23. Nd2 Bd3 24. Nf1 Be4 25. Nd2 Bd3 {Accuracy: White = 57%, Black = 63%.} 1/2-1/2

[Event "7th Sinquefield Cup GCT 2019"]
[Site "Saint Louis"]
[Date "2019.08.17"]
[Round "1.5"]
[White "Nepomniachtchi, Ian"]
[Black "Anand, Viswanathan"]
[Result "0-1"]
[WhiteElo "2774"]
[BlackElo "2756"]
[Annotator "TA"]
[PlyCount "154"]
[EventDate "2019.08.17"]
[EventType "tourn"]
[EventCountry "USA"]
[SourceTitle "playchess.com"]
[Source "ChessBase"]
[SourceQuality "1"]

{[%evp 9,154,28,22,23,17,7,22,10,6,13,14,12,10,3,12,6,14,4,19,0,0,-16,-20,-39,0,-8,0,-15,0,0,0,0,0,0,0,-8,-15,-31,0,-19,-6,-33,-33,-39,-35,-41,-14,-26,5,9,0,0,0,-8,-8,-7,-9,-11,-4,-6,0,-12,-8,-20,-20,-29,-29,-22,-25,-24,-23,-23,-20,-21,-17,-24,-18,-22,-28,-129,-21,-129,-129,-162,-107,-98,-108,-107,-102,-135,-108,-198,-180,-173,-179,-176,-114,-111,-105,-112,-118,-139,-144,-169,-160,-167,-157,-162,-146,-147,-129,-135,-120,-127,-121,-129,-121,-138,-122,-132,-136,-170,-163,-180,-168,-198,-192,-180,-175,-179,-159,-170,-65,-65,-65,-65,-65,-66,-65,-65,-65,-65,-65,-65,-65,-29983,-29984]} 1. c4 e5 2. Nc3 Bb4 3. Nd5 Be7 4. Nf3 d6 5. d4 Nf6 (5... e4 6. Nd2 f5 7. Nb1 c6 8. Nxe7 Nxe7 9. Nc3 O-O 10. e3 Be6 11. Be2 Nd7 12. b3 d5 13. a4 a5 {1-0 (41) Inarkiev,E (2727)-Bologan,V (2640) Poikovsky 2017}) 6. Nc3 $146 {A21: English Opening: 1...e5 2 Nc3} ({Predecessor:} 6. Nxe7 Qxe7 7. e3 e4 8. Nd2 O-O 9. Be2 c5 10. d5 Bf5 11. g4 Bg6 12. h4 h6 13. b3 {1-0 (45) Aleksandrov,A (2582)-Ameir,M (2309) Chennai 2019}) 6... exd4 7. Nxd4 d5 8. Bf4 {The position is equal.} O-O 9. e3 a6 10. Nf3 {[%cal Rc4d5]} c6 11. cxd5 Nxd5 12. Nxd5 Qxd5 13. Qxd5 cxd5 14. O-O-O Nc6 15. Bg5 f6 16. Bf4 Be6 17. Kb1 Rac8 18. a3 Rfd8 (18... g5 $5 19. Bg3 $8 f5 $11) 19. Bd3 Bc5 (19... g5 $5 20. Bg3 $8 Bc5 $11) 20. Rhe1 Kf7 21. Bg3 ({Much worse is} 21. Bxh7 g6 $19) 21... Bb6 22. Bc2 ({Much weaker is} 22. Bxh7 g6 $17) 22... h5 23. h3 Ne7 24. Bb3 g5 25. h4 g4 $1 {[%cal Rg4f3]} 26. Nd4 Bxd4 $1 27. Rxd4 Nc6 28. Rf4 d4 29. Bxe6+ Kxe6 30. exd4+ Kf7 31. f3 gxf3 32. Rxf3 Nxd4 33. Rf4 Ne6 34. Rf3 Nd4 35. Rf4 Nb3 36. Bf2 Rc4 {[%mdl 64] Decoy} 37. Rxc4 Nd2+ {[%mdl 64] Double Attack} 38. Kc2 Nxc4 $11 {[%mdl 4096] Endgame KRB-KRN} 39. Re2 Ne5 40. Be1 Ke6 41. a4 Rd6 42. g3 Kf5 43. Rf2+ Kg4 44. Rf4+ Kh3 {Strongly threatening ...Nd3.} 45. Rf1 (45. Rf5 $1 $11 {was the only way to keep the balance.}) 45... Rc6+ $17 46. Kb1 {[#]} Re6 $1 47. Rf5 Ng6 48. Bf2 Kg4 49. Rd5 Ne5 50. Rd4+ (50. b4 $17) 50... Kh3 $19 51. Rd5 Re7 52. Kc2 Ng4 (52... Rd7 $19 53. Rxd7 Nxd7) 53. Bb6 $17 Rh7 54. Rd3 Ne5 55. Rb3 Rd7 56. Be3 Nf3 57. Rb6 Kxg3 58. Rxf6 Nxh4 59. b4 Ng2 60. Ba7 h4 61. Kc3 h3 {...Rd8 is the strong threat.} 62. Bb8+ Kg4 63. Rg6+ {[#]} Kh5 $1 {[%cal Rh5g6]} 64. Rg8 Ne3 65. Rg3 Nd5+ 66. Kb3 Kh4 {Threatens to win with ...Rd8.} 67. Rg8 Nf6 68. Rg6 Ng4 69. Rg8 {intending Rh8+.} Rh7 70. Kc4 h2 ({Black should try} 70... Kh5 $19 {White must now prevent ...h2.} 71. b5 axb5+ 72. Kxb5 Nf6) 71. Bxh2 $1 $15 Nxh2 {KRN-KR} 72. b5 Ng4 {Hoping for ...Nf6.} 73. Ra8 axb5+ 74. Kxb5 Nf6 75. a5 Nd5 76. Ra7 Kg5 {And now ...Kf5 would win.} 77. Kc4 $2 {[%mdl 8192]} (77. Kc5 $15) 77... b5+ $1 {[%mdl 64] Discovered Attack. Accuracy: White = 57%, Black = 74%.} 0-1

[Event "7th Sinquefield Cup GCT 2019"]
[Site "Saint Louis"]
[Date "2019.08.17"]
[Round "1.6"]
[White "Karjakin, Sergey"]
[Black "Mamedyarov, Shakhriyar"]
[Result "1/2-1/2"]
[WhiteElo "2750"]
[BlackElo "2764"]
[Annotator "TA"]
[PlyCount "61"]
[EventDate "2019.08.17"]
[EventType "tourn"]
[EventCountry "USA"]
[SourceTitle "playchess.com"]
[Source "ChessBase"]
[SourceQuality "1"]

{[%evp 10,61,28,22,37,23,21,10,10,18,21,18,24,25,25,25,25,25,47,27,22,25,24,27,27,20,32,13,13,10,14,11,16,11,11,11,11,11,11,12,12,12,12,12,12,0,2,0,16,0,4,0,13,0]} 1. e4 d5 2. exd5 Qxd5 3. Nc3 Qa5 4. d4 Nf6 5. Nf3 Bf5 6. Bd2 ({Predecessor:} 6. Bc4 e6 {½-½ (45) Joao,N (2575)-Stephan,J (2575) ICCF email 2012}) 6... e6 {B01: Scandinavian Defence} 7. Bc4 {[#] aiming for Nd5.} Bb4 8. a3 Bxc3 $1 9. Bxc3 Qb6 10. d5 $146 (10. b3 Nbd7 11. O-O O-O 12. h3 Be4 13. Re1 Qc6 14. Ne5 Nxe5 15. dxe5 {½-½ (71) Nepomniachtchi,I (2763)-Kovalenko,I (2657) St Petersburg 2018}) 10... exd5 11. Bxd5 {Qe2+ is the strong threat.} Be6 12. Bxe6 Qxe6+ 13. Qe2 Qxe2+ 14. Kxe2 Nbd7 15. Rhe1 O-O-O 16. Kf1 h6 17. Re7 Rhf8 18. Bxf6 Nxf6 {The position is equal.} 19. Ne5 Rfe8 20. Rxe8 Rxe8 21. Nxf7 $11 {[%mdl 4096] Endgame KRN-KRN} Ng4 22. f3 Ne3+ $1 23. Kf2 Nxc2 24. Rc1 Re7 25. Rxc2 {[#] And now Nd6+ would win.} Rxf7 {KR-KR} 26. Ke3 Kd7 27. Rd2+ Ke7 28. Rc2 Kd7 29. Rd2+ Ke7 30. Rc2 Kd7 31. Rd2+ {Accuracy: White = 62%, Black = 100%.} 1/2-1/2

[Event "7th Sinquefield Cup GCT 2019"]
[Site "Saint Louis"]
[Date "2019.08.18"]
[Round "2.1"]
[White "Anand, Viswanathan"]
[Black "Carlsen, Magnus"]
[Result "1/2-1/2"]
[WhiteElo "2756"]
[BlackElo "2882"]
[Annotator "TA"]
[PlyCount "89"]
[EventDate "2019.08.17"]
[EventType "tourn"]
[EventCountry "USA"]
[SourceTitle "playchess.com"]
[Source "ChessBase"]
[SourceQuality "1"]

{[%evp 9,89,13,5,4,7,0,9,4,15,16,41,41,43,30,45,42,37,35,27,39,33,28,19,-31,-5,-15,-6,-21,0,0,0,0,-7,-5,0,0,0,0,0,0,0,0,0,0,0,0,0,0,0,0,0,0,0,0,0,0,0,0,0,0,0,0,0,0,0,0,0,0,0,0,0,0,0,0,0,0,0,0,0,0,0,0]} 1. e4 c5 2. Nf3 Nc6 3. Bb5 g6 4. Bxc6 bxc6 5. d4 Bg7 6. dxc5 {B31: Sicilian: 2...Nc6 3 Bb5 g6} Qa5+ 7. Nbd2 Qxc5 (7... Ba6 8. a3 Qxc5 9. c4 Nh6 10. b4 Qh5 11. Rb1 f5 12. exf5 O-O 13. fxg6 Qxg6 {1-0 (43) So,W (2765)-Maze,S (2596) Caleta 2019}) 8. O-O d6 9. Re1 f6 10. a3 $146 ({Predecessor:} 10. c4 Nh6 11. Qa4 Ng4 12. Re2 Bd7 13. h3 {½-½ (21) Antal,G (2546)-Markos,J (2568) Slovakia 2019}) 10... Nh6 11. b4 Qh5 12. c4 O-O 13. Qa4 Bd7 14. Nf1 Nf7 15. Ng3 Qg4 16. c5 e5 17. cxd6 {The position is equal.} c5 18. Qb3 cxb4 19. axb4 Qe6 20. Qxe6 Bxe6 21. Be3 a6 22. Rec1 Rfd8 23. Nd2 Bf8 24. Nc4 Rac8 25. Bc5 Bxc4 26. Rxc4 Nxd6 27. Rcc1 $1 Rc6 28. f3 Nb5 29. Bxf8 Rxc1+ 30. Rxc1 {[#] aiming for Be7.} Kxf8 $11 {[%mdl 4096] Endgame KRN-KRN} 31. Nf1 Nd4 {And now ...Ne2+ would win.} 32. Rc4 Ke7 33. Ne3 Kd6 34. Rc5 Nc6 35. Rd5+ Ke7 36. b5 axb5 37. Rxb5 Rb8 38. Rxb8 Nxb8 {KN-KN} 39. Kf2 Ke6 40. g3 Nd7 41. Nc4 Nc5 42. Ke3 Nd7 43. Kf2 Nc5 44. Ke3 Nd7 45. Kf2 {Accuracy: White = 87%, Black = 76%.} 1/2-1/2

[Event "7th Sinquefield Cup GCT 2019"]
[Site "Saint Louis"]
[Date "2019.08.18"]
[Round "2.2"]
[White "Caruana, Fabiano"]
[Black "Nepomniachtchi, Ian"]
[Result "1/2-1/2"]
[WhiteElo "2818"]
[BlackElo "2774"]
[Annotator "TA"]
[PlyCount "70"]
[EventDate "2019.08.17"]
[EventType "tourn"]
[EventCountry "USA"]
[SourceTitle "playchess.com"]
[Source "ChessBase"]
[SourceQuality "1"]

{[%evp 12,70,25,14,4,1,46,57,70,19,44,36,34,28,8,-33,-20,-14,-12,-4,9,0,0,-15,-13,-8,12,-10,0,0,0,0,15,0,48,37,36,0,7,0,8,0,10,0,0,-239,0,0,0,0,0,0,0,0,0,0,0,0,0,0,0]} 1. e4 c5 2. Nf3 d6 3. d4 cxd4 4. Nxd4 Nf6 5. Nc3 a6 6. h3 e5 7. Nb3 Be7 {B90: Sicilian Najdorf: Unusual White 6th moves, 6 Be3 Ng4 and 6 Be3 e5} (7... Be6 8. f4 exf4 9. Bxf4 Nc6 10. Qe2 Be7 11. O-O-O Qc7 12. g4 O-O 13. g5 Nd7 14. Qe3 Rac8 15. Kb1 {1-0 (60) Van Foreest,J (2612)-Nepomniachtchi,I (2763) Wijk aan Zee 2019}) 8. g4 b5 9. g5 Nfd7 {White is slightly better.} 10. h4 $146 (10. Be3 $14) ({Predecessor:} 10. Nd5 O-O 11. h4 Nb6 12. f4 exf4 13. Bxf4 Nc6 14. Bg2 Ne5 15. Nd4 Nxd5 16. exd5 {0-1 (40) Karthikeyan,M (2513)-Donchenko,A (2583) Biel 2016}) 10... Nb6 11. Be3 Be6 12. Bxb6 Qxb6 13. Qf3 b4 14. Nd5 Bxd5 $1 15. exd5 Nd7 16. O-O-O a5 {[%cal Ba6a5,Ba5a4][%mdl 32]} 17. Kb1 a4 18. Nd2 Nc5 19. Bd3 b3 20. cxb3 axb3 21. a3 Ra4 22. Ne4 Nxe4 23. Bxe4 O-O 24. Rhg1 Qa7 25. h5 g6 26. Rd3 Rb8 27. hxg6 hxg6 28. Qg2 $2 {[#]} (28. Rh1 $11 {and White has nothing to worry.} Bxg5 29. Qg2) 28... Bf8 $2 (28... Rxa3 $1 $19 {[%mdl 512] ( -> ...Ra1#)} 29. bxa3 Qxa3) 29. f3 {The position is equal.} Rc4 30. Rh1 Qc7 31. Qh2 {[%csl Gh1][%cal Rh2h8]} Bg7 32. Qe2 Bf8 33. Qh2 {[%csl Gh1][%cal Rh2h8]} Bg7 34. Qe2 Bf8 35. Qh2 {[%csl Gh1][%cal Rh2h8]} Bg7 {Accuracy: White = 50%, Black = 72%.} 1/2-1/2

[Event "7th Sinquefield Cup GCT 2019"]
[Site "Saint Louis"]
[Date "2019.08.18"]
[Round "2.3"]
[White "Karjakin, Sergey"]
[Black "Ding, Liren"]
[Result "1/2-1/2"]
[WhiteElo "2750"]
[BlackElo "2805"]
[Annotator "TA"]
[PlyCount "70"]
[EventDate "2019.08.17"]
[EventType "tourn"]
[EventCountry "USA"]
[SourceTitle "playchess.com"]
[Source "ChessBase"]
[SourceQuality "1"]

{[%evp 26,70,33,18,29,34,36,48,36,13,19,16,15,15,20,19,19,19,21,19,25,19,17,19,34,25,24,31,60,24,24,31,30,24,47,40,40,45,43,20,80,0,43,0,60,0,65]} 1. e4 e5 2. Nf3 Nc6 3. Bb5 a6 4. Ba4 Nf6 5. O-O Be7 6. Re1 b5 7. Bb3 O-O 8. c3 d5 9. exd5 Nxd5 10. Nxe5 Nxe5 11. Rxe5 c6 12. d3 Bd6 13. Re1 Bf5 14. Qf3 Qh4 {C89: Closed Ruy Lopez: Marshall Attack} 15. g3 Qh3 16. Be3 Bxd3 {White is slightly better.} 17. Nd2 Qf5 18. Bd4 Rfd8 19. a4 h6 20. h4 Rac8 21. axb5 axb5 22. Bxd5 cxd5 {[#]} 23. Ra5 $146 ({Predecessor:} 23. Qxf5 Bxf5 {½-½ (37) So,W (2799)-Ding,L (2769) Berlin 2018}) 23... Qxf3 24. Nxf3 Re8 25. b4 f6 26. Ra6 Bf8 27. Ra7 (27. Rea1 {seems wilder.} Bh7 28. Ne1 Rc4 29. Rd1 Rcc8 30. Ng2) 27... Ra8 28. Rxe8 Rxe8 29. h5 Be2 30. Kg2 Bd6 31. Rd7 Re6 32. Bc5 Be5 (32... Bxc5 $11 {keeps the balance.} 33. bxc5 Bxf3+ 34. Kxf3 Re4) 33. Bd4 ({Don't play} 33. Rxd5 Bxc3 34. Nd4 Bxd4 $11) ({Of course not} 33. Nxe5 Rxe5 34. Rd8+ Kh7 $11) 33... Bd6 34. Bc5 Be5 35. Bd4 Bd6 {Accuracy: White = 55%, Black = 70%.} 1/2-1/2

[Event "7th Sinquefield Cup GCT 2019"]
[Site "Saint Louis"]
[Date "2019.08.18"]
[Round "2.4"]
[White "Giri, Anish"]
[Black "Aronian, Levon"]
[Result "1/2-1/2"]
[WhiteElo "2779"]
[BlackElo "2765"]
[Annotator "TA"]
[PlyCount "105"]
[EventDate "2019.08.17"]
[EventType "tourn"]
[EventCountry "USA"]
[SourceTitle "playchess.com"]
[Source "ChessBase"]
[SourceQuality "1"]

{[%evp 13,105,14,18,10,22,14,15,3,18,24,13,18,15,14,27,19,19,20,19,17,24,24,20,24,19,29,19,17,22,35,23,33,36,27,25,23,39,20,26,13,21,2,25,8,20,23,48,44,41,45,36,39,41,41,47,36,47,47,47,48,115,113,113,130,164,0,113,113,103,93,135,89,110,70,211,41,211,211,211,207,200,145,287,70,67,28,27,29,31,0,0,0,64,0]} 1. e4 e5 2. Nf3 Nc6 3. Bc4 Nf6 4. d3 Bc5 5. O-O d6 6. c3 a6 7. a4 O-O 8. Nbd2 {C54: Giuoco Piano: 4 c3 Nf6, main lines with 5 d4 and 5 d3} Ba7 9. h3 h6 10. Re1 {The position is equal.} Re8 11. b4 Be6 12. Bxe6 Rxe6 13. Qc2 Qd7 14. Nf1 d5 15. Be3 {[#]} d4 $146 ({Predecessor:} 15... Bxe3 16. Nxe3 {1-0 (41) Anand,V (2786)-So,W (2812) Leuven 2017}) 16. cxd4 Nxd4 17. Bxd4 Bxd4 18. Nxd4 Qxd4 19. Qxc7 Qxd3 20. Qxb7 Qd8 {[#] White must now prevent ...Rb6.} 21. Red1 Qb8 22. Qxb8+ Rxb8 23. f3 Rxb4 24. Ne3 g6 25. a5 Rb5 26. Rdb1 Rc5 27. Rb6 Kf8 28. Ra2 h5 29. h4 Nd7 30. Rb7 Rc1+ 31. Kh2 Nc5 32. Rb8+ Re8 33. Rb6 Re6 34. Nd5 Rxb6 35. axb6 $14 {[%mdl 4096] Endgame KRN-KRN} Rb1 $1 36. Ra5 Nd7 (36... Rb5 $14 37. b7 Nxb7 38. Rxa6 Nc5 39. Ra8+ Kg7) 37. Rxa6 $16 Rb2 38. Kg1 Kg7 39. Kh2 (39. Kf1 $18) 39... Kf8 $1 40. Kg3 Kg7 41. Kh3 Kf8 42. g4 hxg4+ 43. fxg4 Nc5 (43... Kg8 $14) 44. Ra8+ $18 Kg7 {[#]} 45. g5 $1 Nxe4 46. Rd8 Kh7 47. Rb8 Rb5 (47... Kg7 $16 48. b7 Rb3+ 49. Kg2 Rg3+ 50. Kf1 Rf3+ 51. Ke1 Rb3) 48. b7 $2 (48. Nf6+ $18 Nxf6 49. gxf6) 48... Rb2 $1 $14 49. Ne7 {Strongly threatening Rf8.} (49. Ne3 $5 {[%cal Re3g4]}) 49... Nd6 50. Ng8 {Threatening mate with Nf6+.} Ne4 $1 51. Ne7 {And now Rf8 would win.} Nd6 52. Nd5 (52. Nc6 $11) 52... Ne4 $1 53. Ne7 {Accuracy: White = 59%, Black = 59%.} ({White should try} 53. Ne3 $1 $14) 1/2-1/2

[Event "7th Sinquefield Cup GCT 2019"]
[Site "Saint Louis"]
[Date "2019.08.18"]
[Round "2.5"]
[White "Vachier-Lagrave, Maxime"]
[Black "So, Wesley"]
[Result "1/2-1/2"]
[WhiteElo "2778"]
[BlackElo "2776"]
[Annotator "TA"]
[PlyCount "85"]
[EventDate "2019.08.17"]
[EventType "tourn"]
[EventCountry "USA"]
[SourceTitle "playchess.com"]
[Source "ChessBase"]
[SourceQuality "1"]

{[%evp 11,85,11,14,14,23,22,24,14,45,13,50,0,5,10,0,-8,-8,-24,-16,-38,-32,-35,-31,-33,-28,-25,0,0,0,0,0,0,0,0,25,0,-8,-35,-18,-27,-27,-36,-28,-57,-50,-58,-59,-51,-58,-52,-52,-61,-63,-63,-47,-53,-56,-69,0,-82,-2,-7,0,0,0,0,0,0,0,0,0,0,0,0,0,0]} 1. e4 e5 2. Nf3 Nc6 3. Bc4 Bc5 4. c3 Nf6 5. d3 d6 6. O-O a6 7. a4 {C54: Giuoco Piano: 4 c3 Nf6, main lines with 5 d4 and 5 d3} Ba7 $146 (7... h6 8. Nbd2 O-O 9. Re1 Re8 10. Nf1 Ba7 11. Ng3 Be6 12. Bxe6 Rxe6 13. b4 d5 14. Qb3 Qd7 15. h3 Rd8 {0-1 (76) Yu,Y (2751)-Harikrishna,P (2723) Shenzhen 2019}) 8. Re1 O-O 9. h3 {White has an edge.} Kh8 10. d4 Ng8 11. b4 exd4 12. cxd4 Nxb4 13. Nc3 a5 14. Bf4 f6 15. Qb3 Ne7 16. Rad1 c6 17. Bc1 d5 18. exd5 Bf5 19. dxc6 Bc2 20. cxb7 Rb8 21. Qa3 Bxd1 22. Rxd1 Nf5 23. Nb5 Nd6 $36 {[%mdl 2048] Black has good play.} 24. Bf1 Nxb5 25. axb5 Rxb7 26. Bd2 Nc2 27. Qa4 Nxd4 28. Nxd4 Qxd4 29. Qxd4 Bxd4 30. Bxa5 Bb6 31. Bxb6 Rxb6 $15 {[%mdl 4096] Endgame KRR-KRB} 32. g3 g6 33. Rd7 Rfb8 34. Bc4 R8b7 (34... R6b7 $15 35. Rxb7 Rxb7) 35. Rd8+ $1 $11 Kg7 36. Bd5 $1 {The position is equal.} Rxb5 {[#] And now ...Rc7 would win.} (36... Re7 {with more complications.} 37. Rg8+ Kh6 38. Bc6 Kg5 39. f4+ Kf5) 37. Bxb7 Rxb7 {KR-KR} 38. Kg2 h5 39. h4 $1 Ra7 40. Rc8 Rb7 41. Rd8 Ra7 42. Rc8 Rb7 43. Rd8 {Accuracy: White = 59%, Black = 63%.} 1/2-1/2

[Event "7th Sinquefield Cup GCT 2019"]
[Site "Saint Louis"]
[Date "2019.08.18"]
[Round "2.6"]
[White "Mamedyarov, Shakhriyar"]
[Black "Nakamura, Hikaru"]
[Result "1/2-1/2"]
[WhiteElo "2764"]
[BlackElo "2743"]
[Annotator "TA"]
[PlyCount "88"]
[EventDate "2019.08.17"]
[EventType "tourn"]
[EventCountry "USA"]
[SourceTitle "playchess.com"]
[Source "ChessBase"]
[SourceQuality "1"]

{[%evp 18,88,18,0,12,0,0,0,0,0,0,0,0,0,0,0,0,0,0,0,0,0,43,43,204,63,54,39,41,39,50,38,47,39,52,54,41,41,52,42,39,27,44,38,41,23,29,10,15,6,7,7,6,6,8,8,8,0,0,0,0,0,1,0,0,0,0,0,0,0,0,0,0]} 1. d4 Nf6 2. c4 e6 3. Nf3 d5 4. Nc3 Be7 5. Bf4 O-O 6. e3 c5 7. dxc5 Bxc5 8. Qc2 Nc6 9. a3 Qa5 10. O-O-O {[%cal Rc4d5]} Be7 {D37: Queen's Gambit Declined: 5 Bf4} 11. Rg1 (11. Kb1 a6 12. g4 dxc4 13. Bxc4 b5 14. g5 bxc4 15. gxf6 Bxf6 16. Ne4 Be7 17. Rhg1 Rd8 18. Rxd8+ Nxd8 19. Qxc4 {½-½ (27) Karjakin,S (2773)-Nakamura,H (2777) Saint Louis 2018}) 11... a6 12. g4 dxc4 13. Bxc4 b5 {[%cal Bb7b5,Bb5b4][%mdl 32]} 14. g5 Nh5 $1 {[%cal Rh5f4]} 15. Bd3 b4 $146 ({Predecessor:} 15... Nxf4 16. Bxh7+ Kh8 17. Be4 Ng6 18. Bxc6 Rb8 19. Rd4 Kg8 20. Be4 b4 {½-½ (20) Hansen,M (2368)-Hoffmann,F (2332) ICCF email 2010}) 16. Bxh7+ Kh8 17. Be4 bxc3 18. Bxc6 cxb2+ 19. Kb1 Qxa3 {[%csl Gb2][%cal Ra3a1] [#]} 20. Qxb2 Qxb2+ 21. Kxb2 Ra7 $1 22. Bd6 Bxd6 23. Rxd6 Bb7 24. Ne5 Bxc6 25. Rxc6 Rb8+ 26. Kc2 a5 27. Rb1 Rd8 28. Rbb6 Kh7 29. f4 Rda8 30. Kb3 a4+ 31. Ka3 f6 32. Nf3 Rd7 {Hoping for ...Rd3+.The position is equal.} 33. Rd6 Rxd6 34. Rxd6 Rc8 {And now ...Rc3+ would win.} 35. gxf6 gxf6 {...Rc3+ is the strong threat.} 36. Rxe6 Nxf4 37. exf4 {[#] Threatens to win with Nd4.} Rc3+ 38. Kxa4 {aiming for Nd2.} Rxf3 39. Rxf6 $11 {[%mdl 4096] Endgame KR-KR} Kg7 40. Rb6 (40. Rf5 {is interesting.} Kg6 41. Rg5+ Kh6 42. Kb5 Rxf4 43. Rg2) 40... Rxf4+ 41. Rb4 Rxb4+ 42. Kxb4 Kg6 43. h3 Kh5 44. h4 Kxh4 {Accuracy: White = 61%, Black = 88%.} 1/2-1/2